000 01945nam a22004574i 4500
001 768714001
003 CO-MdFUSB
005 20220628104905.0
008 190306t1998 xxu||||| |||| 00| 0 eng d
020 _a0664252567
020 _a0664255248
020 _a0664257917
020 _a0664255825
020 _a0664255655
020 _a0664255729
020 _a0664255973
020 _a0664256759
020 _a0664252559
020 _a0664255221
020 _a0664252664
020 _a0664252710
040 _aCO-MdFUSB
_bspa
_cCO-MdFUSB
_dCO-MdFUSBC
_erda
041 _aeng
082 _223
_aR 221.7
_bW532b
245 _aWestminster Bible Companion
_c/ Patrick D. Miller y David L. Bartlett editores
264 1 _aLouisville, Kentucky :
_bWestminster John Knox Press,
_c℗[1998]
264 4 _c© 1998
300 _a10 volúmenes :
_c 23 cm
336 _2rdacontent
_atexto
_btxt
337 _2rdamedia
_asin mediación
_bn
338 _2rdacarrier
_avolumen
_bnc
490 _aWestminster Bible Companion
505 _aVol. 1: Génesis / W. Sibley Towner. -- Vol. 2: Éxodo / J. Gerald Janzen. -- Vol. 5: Deuteronomio / Thomas W. Mann. -- Vol. 7: 1ª y 2ª Reyes / Terence E. Fretheim. -- Vol. 9: Esdras, Nehemías y Ester / Johanna W. H. Van Wijk-Bos. -- Vol. 12: Proverbios, Eclesiastés y Cantar de los cantares. -- Vol. 13a: Isaías 1-39 / Walter Brueggemann. -- Vol. 13b: Isaías 40-66 / Walter Brueggemann. -- Jeremías 1-29 / John M. Brake. -- Vol. 15: Ezequiel / Ronald E. Clements. -- Vol. 16: Daniel / C. L. Seow. -- Vol. 25: Oseas / Birch, Bruce C. -- Vol. 25: Joel / Birch, Bruce C. -- Vol. 25: Amós / Birch, Bruce C.
563 _aTapa rústica
630 0 7 _aBiblia.
_pAntiguo Testamento
_xCrítica, interpretación, etc.
700 _91530
_aMiller, Patrick D
_eeditor serie
700 _91531
_aBartlett, David L.
_eeditor serie
942 _cREF
945 _aJTF-925
999 _c64869
_d64869